| 000 | 01159cam a22003254a 4500 | ||
|---|---|---|---|
| 999 |
_c1390 _d1390 |
||
| 001 | 16932877 | ||
| 003 | OSt | ||
| 005 | 20221229093835.0 | ||
| 008 | 110823s2012 mnuab j b 001 0 eng c | ||
| 010 | _a 2011035741 | ||
| 020 | _a9781429679954 (pbk.) | ||
| 035 | _a(OCoLC)ocn751249220 | ||
| 040 |
_aIEN/DLC _cDLC _dBKX _dDLC |
||
| 042 |
_apcc _alcac _apcc |
||
| 082 | 0 | 0 |
_a613.6909154 DOE _223 |
| 100 | 1 |
_aDoeden, Matt. _eauthor |
|
| 245 | 1 | 0 |
_aCan you survive the desert? : _ban interactive survival adventure / _cby Matt Doeden. |
| 260 |
_aMankato, Minn. : _bCapstone Press, _cc2012. |
||
| 300 |
_a112 p. : _bcol. ill., col. map ; _c20 cm. |
||
| 490 | 1 | _aYou choose. Survival | |
| 504 | _aIncludes bibliographical references and index. | ||
| 520 | _a"Describes the fight for survival while exploring the Sahara, Sonora, and Gobi Deserts"--Provided by publisher. | ||
| 650 | 0 |
_aDesert survival _vJuvenile literature. |
|
| 650 | 1 | _aDesert survival. | |
| 650 | 1 | _aSurvival. | |
| 830 | 0 |
_aYou choose. _pSurvival. |
|
| 906 |
_a7 _bcbc _corignew _d1 _eecip _f20 _gy-gencatlg |
||
| 942 |
_2ddc _cNFIC |
||